[Event "11th LCC Super Blitz 2019"]
[Site "London"]
[Date "2019.12.08"]
[Round "11.7"]
[White "Eames, Robert S"]
[Black "Zhao, Haolin"]
[Result "1-0"]
[WhiteElo "2166"]
[BlackElo "1725"]
[Annotator "NA"]
[PlyCount "117"]
[EventDate "2019.12.08"]
[EventType "swiss"]
[EventCountry "ENG"]
[SourceTitle "playchess.com"]
[Source "ChessBase"]
[SourceQuality "1"]
[TimeControl "180+2"]

1. e4 {[%emt 0:00:01]} c5 {[%emt 0:00:00]} 2. Nf3 {[%emt 0:00:01]} g6 {[%emt 0:00:01]} 3. c4 {[%emt 0:00:03]} Nc6 {[%emt 0:00:03]} 4. d4 {[%emt 0:00:00]} cxd4 {[%emt 0:00:00]} 5. Nxd4 {[%emt 0:00:02]} Nf6 {[%emt 0:00:01]} 6. Nc3 {[%emt 0:00:01]} Nxd4 {[%emt 0:00:02]} 7. Qxd4 {[%emt 0:00:02]} Bg7 {[%emt 0:00:02]} 8. Be2 {[%emt 0:00:08]} O-O {[%emt 0:00:03]} 9. Bg5 {[%emt 0:00:09]} d6 {[%emt 0:00:08]} 10. Qd2 {[%emt 0:00:03]} Bd7 {[%emt 0:00:11]} 11. O-O {[%emt 0:00:04]} Ne8 {[%emt 0:00:10]} 12. Nd5 {[%emt 0:00:13]} f6 {[%emt 0:00:03]} 13. Be3 {[%emt 0:00:13]} Nc7 {[%emt 0:00:02]} 14. Rfd1 {[%emt 0:00:10]} Nxd5 {[%emt 0:00:04]} 15. Qxd5+ {[%emt 0:00:16]} Kh8 {[%emt 0:00:07]} 16. f3 {[%emt 0:00:01]} Bc6 {[%emt 0:00:05]} 17. Qd2 {[%emt 0:00:03]} Qc7 {[%emt 0:00:03]} 18. Rac1 {[%emt 0:00:02]} b6 {[%emt 0:00:02]} 19. b4 {[%emt 0:00:03]} Bb7 {[%emt 0:00:17]} 20. c5 {[%emt 0:00:06]} dxc5 {[%emt 0:00:08]} 21. Qd7 {[%emt 0:00:18]} Rac8 {[%emt 0:00:11]} 22. bxc5 {[%emt 0:00:05]} bxc5 {[%emt 0:00:07]} 23. Rxc5 {[%emt 0:00:10]} Qxd7 {[%emt 0:00:06]} 24. Rxd7 {[%emt 0:00:02]} Bc6 {[%emt 0:01:04]} 25. Rxa7 {[%emt 0:00:17]} Rfe8 {[%emt 0:00:06]} 26. Kf2 {[%emt 0:00:12]} Bf8 {[%emt 0:00:02]} 27. Ra6 {[%emt 0:00:09]} Bd7 {[%emt 0:00:06]} 28. Rxc8 {[%emt 0:00:04]} Rxc8 {[%emt 0:00:04]} 29. Ra7 {[%emt 0:00:04]} Bc6 {[%emt 0:00:05]} 30. a4 {[%emt 0:00:05]} e5 {[%emt 0:00:11]} 31. a5 {[%emt 0:00:02]} f5 {[%emt 0:00:03]} 32. exf5 {[%emt 0:00:08]} gxf5 {[%emt 0:00:02]} 33. f4 {[%emt 0:00:06]} Bd6 {[%emt 0:00:02]} 34. fxe5 {[%emt 0:00:14]} Bxe5 {[%emt 0:00:01]} 35. Re7 {[%emt 0:00:03]} Bf6 {[%emt 0:00:03]} 36. Rf7 {[%emt 0:00:01]} Bg7 {[%emt 0:00:05]} 37. Rxf5 {[%emt 0:00:04]} Re8 {[%emt 0:00:04]} 38. Rf4 {[%emt 0:00:05]} Be5 {[%emt 0:00:01]} 39. Bd4 {[%emt 0:00:05]} Bxd4+ {[%emt 0:00:02]} 40. Rxd4 {[%emt 0:00:01]} Ra8 {[%emt 0:00:01]} 41. a6 {[%emt 0:00:03]} Be8 {[%emt 0:00:03]} 42. Rd6 {[%emt 0:00:07]} Bg6 {[%emt 0:00:03]} 43. Bf3 {[%emt 0:00:01]} Ra7 {[%emt 0:00:02]} 44. Ke3 {[%emt 0:00:02]} Kg7 {[%emt 0:00:05]} 45. Kd4 {[%emt 0:00:01]} Bb1 {[%emt 0:00:03]} 46. Kc5 {[%emt 0:00:01]} Bd3 {[%emt 0:00:03]} 47. Bb7 {[%emt 0:00:03]} Bxa6 {[%emt 0:00:05]} 48. Bxa6 {[%emt 0:00:03]} Rf7 {[%emt 0:00:02]} 49. Bc4 {[%emt 0:00:02]} Rf5+ {[%emt 0:00:01]} 50. Bd5 {[%emt 0:00:01]} Rf2 {[%emt 0:00:01]} 51. h3 {[%emt 0:00:02]} Rc2+ {[%emt 0:00:02]} 52. Kd4 {[%emt 0:00:01]} Re2 {[%emt 0:00:01]} 53. Be4 {[%emt 0:00:03]} Rd2+ {[%emt 0:00:02]} 54. Ke5 {[%emt 0:00:01]} Rf2 {[%emt 0:00:01]} 55. Bf3 {[%emt 0:00:02]} Kh8 {[%emt 0:00:02]} 56. Kf6 {[%emt 0:00:04]} h5 {[%emt 0:00:03]} 57. Kg6 {[%emt 0:00:02]} Rxf3 {[%emt 0:00:03]} 58. Rd8+ {[%emt 0:00:06]} Rf8 {[%emt 0:00:01]} 59. Rxf8# {[%emt 0:00:02]} 1-0

[Event "11th LCC Super Blitz 2019"]
[Site "London"]
[Date "2019.12.08"]
[Round "11.7"]
[White "Pappelis, Dimitrios"]
[Black "Kirupakaran, Vishnu"]
[Result "1-0"]
[WhiteElo "2160"]
[BlackElo "1871"]
[Annotator "NA"]
[PlyCount "23"]
[EventDate "2019.12.08"]
[EventType "swiss"]
[EventCountry "ENG"]
[SourceTitle "playchess.com"]
[Source "ChessBase"]
[SourceQuality "1"]
[TimeControl "180+2"]

1. c4 {[%emt 0:00:00]} Nf6 {[%emt 0:00:03]} 2. Nc3 {[%emt 0:00:01]} c6 {[%emt 0:00:06]} 3. e4 {[%emt 0:00:01]} e5 {[%emt 0:00:04]} 4. Nf3 {[%emt 0:00:01]} Qc7 {[%emt 0:00:11]} 5. d4 {[%emt 0:00:02]} exd4 {[%emt 0:00:03]} 6. Nxd4 {[%emt 0:00:01]} Bb4 {[%emt 0:00:02]} 7. Bd3 {[%emt 0:00:16]} d5 {[%emt 0:00:11]} 8. cxd5 {[%emt 0:00:16]} cxd5 {[%emt 0:00:02]} 9. O-O {[%emt 0:00:31]} dxe4 {[%emt 0:00:24]} 10. Qa4+ {[%emt 0:00:19]} Nc6 {[%emt 0:00:11]} 11. Nxc6 {[%emt 0:00:07]} Qxc6 {[%emt 0:00:03]} 12. Bb5 {[%emt 0:00:05]} 1-0

[Event "11th LCC Super Blitz 2019"]
[Site "London"]
[Date "2019.12.08"]
[Round "11.7"]
[White "Srivastava, Arnav"]
[Black "Royal, Shreyas"]
[Result "0-1"]
[WhiteElo "1728"]
[BlackElo "1941"]
[Annotator "NA"]
[PlyCount "78"]
[EventDate "2019.12.08"]
[EventType "swiss"]
[EventCountry "ENG"]
[SourceTitle "playchess.com"]
[Source "ChessBase"]
[SourceQuality "1"]
[TimeControl "180+2"]

1. c4 {[%emt 0:00:00]} e6 {[%emt 0:00:00]} 2. Nc3 {[%emt 0:00:01]} Nf6 {[%emt 0:00:00]} 3. d4 {[%emt 0:00:00]} d5 {[%emt 0:00:01]} 4. g3 {[%emt 0:00:02]} dxc4 {[%emt 0:00:05]} 5. Bg2 {[%emt 0:00:01]} Be7 {[%emt 0:00:01]} 6. Qa4+ {[%emt 0:00:04]} Nbd7 {[%emt 0:00:09]} 7. Qxc4 {[%emt 0:00:02]} c6 {[%emt 0:00:03]} 8. e4 {[%emt 0:00:02]} O-O {[%emt 0:00:02]} 9. Nf3 {[%emt 0:00:01]} Nb6 {[%emt 0:00:18]} 10. Qe2 {[%emt 0:00:03]} c5 {[%emt 0:00:06]} 11. dxc5 {[%emt 0:00:05]} Bxc5 {[%emt 0:00:01]} 12. O-O {[%emt 0:00:01]} h6 {[%emt 0:00:09]} 13. Be3 {[%emt 0:00:02]} Bxe3 {[%emt 0:00:04]} 14. Qxe3 {[%emt 0:00:02]} Qe7 {[%emt 0:00:00]} 15. Rfd1 {[%emt 0:00:03]} e5 {[%emt 0:00:10]} 16. Rac1 {[%emt 0:00:01]} Bg4 {[%emt 0:00:13]} 17. a3 {[%emt 0:00:24]} Rac8 {[%emt 0:00:22]} 18. Rd2 {[%emt 0:00:04]} Nc4 {[%emt 0:00:01]} 19. Qxa7 {[%emt 0:00:06]} Bxf3 {[%emt 0:00:02]} 20. Rd3 {[%emt 0:00:11]} Ra8 {[%emt 0:00:05]} 21. Qxa8 {[%emt 0:00:23]} Rxa8 {[%emt 0:00:01]} 22. Bxf3 {[%emt 0:00:01]} Nxb2 {[%emt 0:00:05]} 23. Rd2 {[%emt 0:00:05]} Nc4 {[%emt 0:00:02]} 24. Rdc2 {[%emt 0:00:05]} Nxa3 {[%emt 0:00:01]} 25. Ra2 {[%emt 0:00:01]} Qe8 {[%emt 0:00:13]} 26. Rca1 {[%emt 0:00:13]} Qe7 {[%emt 0:00:06]} 27. Nb5 {[%emt 0:00:03]} Qb4 {[%emt 0:00:05]} 28. Nxa3 {[%emt 0:00:06]} Nxe4 {[%emt 0:00:10]} 29. Kg2 {[%emt 0:00:25]} Nc3 {[%emt 0:00:06]} 30. Nc2 {[%emt 0:00:24]} Rxa2 {[%emt 0:00:03]} 31. Rxa2 {[%emt 0:00:02]} Qb3 {[%emt 0:00:05]} 32. Ra8+ {[%emt 0:00:01]} Kh7 {[%emt 0:00:01]} 33. Ne3 {[%emt 0:00:02]} e4 {[%emt 0:00:05]} 34. Bg4 {[%emt 0:00:03]} g6 {[%emt 0:00:04]} 35. Rb8 {[%emt 0:00:12]} h5 {[%emt 0:00:14]} 36. Bc8 {[%emt 0:00:01]} Nd1 {[%emt 0:00:08]} 37. Rxb7 {[%emt 0:00:16]} Nxe3+ {[%emt 0:00:02]} 38. fxe3 {[%emt 0:00:01]} Qc2+ {[%emt 0:00:01]} 39. Kh3 {[%emt 0:00:06]} Qxc8+ {[%emt 0:00:01]} 0-1

[Event "11th LCC Super Blitz 2019"]
[Site "London"]
[Date "2019.12.08"]
[Round "11.8"]
[White "Iyengar, Ilya"]
[Black "Balaji, Aaravamudhan"]
[Result "0-1"]
[WhiteElo "1984"]
[BlackElo "2120"]
[Annotator "NA"]
[PlyCount "102"]
[EventDate "2019.12.08"]
[EventType "swiss"]
[EventCountry "ENG"]
[SourceTitle "playchess.com"]
[Source "ChessBase"]
[SourceQuality "1"]
[TimeControl "180+2"]

1. d4 {[%emt 0:00:00]} Nf6 {[%emt 0:00:00]} 2. Nf3 {[%emt 0:00:00]} g6 {[%emt 0:00:00]} 3. g3 {[%emt 0:00:02]} Bg7 {[%emt 0:00:00]} 4. Bg2 {[%emt 0:00:01]} O-O {[%emt 0:00:01]} 5. c4 {[%emt 0:00:01]} d6 {[%emt 0:00:00]} 6. O-O {[%emt 0:00:02]} Nbd7 {[%emt 0:00:01]} 7. Nc3 {[%emt 0:00:03]} e5 {[%emt 0:00:01]} 8. e4 {[%emt 0:00:01]} c6 {[%emt 0:00:01]} 9. h3 {[%emt 0:00:01]} Qa5 {[%emt 0:00:02]} 10. Re1 {[%emt 0:00:03]} Ne8 {[%emt 0:00:10]} 11. Rb1 {[%emt 0:00:58]} f5 {[%emt 0:00:16]} 12. exf5 {[%emt 0:00:05]} gxf5 {[%emt 0:00:01]} 13. dxe5 {[%emt 0:00:02]} dxe5 {[%emt 0:00:02]} 14. Bg5 {[%emt 0:00:09]} Nef6 {[%emt 0:00:44]} 15. Qd6 {[%emt 0:00:44]} h6 {[%emt 0:00:07]} 16. Bd2 {[%emt 0:00:06]} e4 {[%emt 0:00:12]} 17. Nxe4 {[%emt 0:00:03]} Qd8 {[%emt 0:00:07]} 18. Nxf6+ {[%emt 0:00:09]} Nxf6 {[%emt 0:00:02]} 19. Qxd8 Rxd8 {[%emt 0:00:00]} 20. Bc3 {[%emt 0:00:10]} Bd7 {[%emt 0:00:27]} 21. Ne5 {[%emt 0:00:04]} Be8 {[%emt 0:00:04]} 22. Rbd1 {[%emt 0:00:02]} a6 {[%emt 0:00:25]} 23. c5 {[%emt 0:00:04]} Nd5 {[%emt 0:00:06]} 24. Bd4 {[%emt 0:00:05]} Nb4 {[%emt 0:00:06]} 25. Rd2 {[%emt 0:00:20]} Nxa2 {[%emt 0:00:18]} 26. Bf1 {[%emt 0:00:03]} Nb4 {[%emt 0:00:03]} 27. Bc4+ {[%emt 0:00:01]} Kh7 {[%emt 0:00:06]} 28. g4 {[%emt 0:00:17]} fxg4 {[%emt 0:00:19]} 29. hxg4 {[%emt 0:00:03]} Bg6 {[%emt 0:00:09]} 30. Bc3 {[%emt 0:00:10]} Rxd2 {[%emt 0:00:04]} 31. Bxd2 {[%emt 0:00:02]} Nc2 {[%emt 0:00:02]} 32. Re2 {[%emt 0:00:03]} Nd4 {[%emt 0:00:01]} 33. Re3 {[%emt 0:00:03]} Bxe5 {[%emt 0:00:02]} 34. Bc3 {[%emt 0:00:04]} Bg7 {[%emt 0:00:04]} 35. Re7 {[%emt 0:00:03]} Rd8 {[%emt 0:00:00]} 36. Rxb7 {[%emt 0:00:03]} Nf3+ {[%emt 0:00:05]} 37. Kg2 {[%emt 0:00:02]} Nd4 {[%emt 0:00:01]} 38. f4 {[%emt 0:00:03]} Kh8 {[%emt 0:00:01]} 39. f5 {[%emt 0:00:01]} Be8 {[%emt 0:00:01]} 40. Ra7 {[%emt 0:00:05]} Nxf5 {[%emt 0:00:06]} 41. gxf5 {[%emt 0:00:01]} Bxc3 {[%emt 0:00:01]} 42. bxc3 {[%emt 0:00:00]} Bh5 {[%emt 0:00:02]} 43. Rxa6 {[%emt 0:00:02]} Rd2+ {[%emt 0:00:01]} 44. Kg3 {[%emt 0:00:01]} Rc2 {[%emt 0:00:00]} 45. Ra3 {[%emt 0:00:01]} Kg7 {[%emt 0:00:01]} 46. Be6 {[%emt 0:00:02]} Kf6 {[%emt 0:00:01]} 47. Bd7 {[%emt 0:00:01]} Bf7 {[%emt 0:00:05]} 48. Bxc6 {[%emt 0:00:01]} Kxf5 {[%emt 0:00:03]} 49. Bf3 {[%emt 0:00:02]} h5 {[%emt 0:00:02]} 50. c6 {[%emt 0:00:01]} Kg5 {[%emt 0:00:00]} 51. c7 {[%emt 0:00:01]} h4+ {[%emt 0:00:01]} 0-1

[Event "11th LCC Super Blitz 2019"]
[Site "London"]
[Date "2019.12.08"]
[Round "11.8"]
[White "Van Hoof, Alexander"]
[Black "Arapalea, Daniel-Ionel"]
[Result "1-0"]
[WhiteElo "1968"]
[BlackElo "1840"]
[Annotator "NA"]
[PlyCount "32"]
[EventDate "2019.12.08"]
[EventType "swiss"]
[EventCountry "ENG"]
[SourceTitle "playchess.com"]
[Source "ChessBase"]
[SourceQuality "1"]
[TimeControl "180+2"]

1. Nf3 {[%emt 0:00:01]} d5 {[%emt 0:00:00]} 2. c4 {[%emt 0:00:06]} Nf6 {[%emt 0:00:01]} 3. cxd5 {[%emt 0:00:09]} Nxd5 {[%emt 0:00:02]} 4. d4 {[%emt 0:00:01]} g6 {[%emt 0:00:04]} 5. e4 {[%emt 0:00:01]} Nf6 {[%emt 0:00:01]} 6. Bd3 {[%emt 0:00:02]} Bg7 {[%emt 0:00:01]} 7. O-O {[%emt 0:00:02]} O-O {[%emt 0:00:02]} 8. Nc3 {[%emt 0:00:01]} a6 {[%emt 0:00:02]} 9. h3 {[%emt 0:00:12]} b5 {[%emt 0:00:01]} 10. Be3 {[%emt 0:00:13]} Bb7 {[%emt 0:00:01]} 11. a3 {[%emt 0:00:05]} Nbd7 {[%emt 0:00:09]} 12. Rc1 {[%emt 0:00:03]} Nb6 {[%emt 0:00:01]} 13. b4 {[%emt 0:00:22]} Nc4 {[%emt 0:00:12]} 14. Bxc4 {[%emt 0:00:02]} bxc4 {[%emt 0:00:03]} 15. d5 {[%emt 0:00:11]} Nd7 {[%emt 0:00:18]} 16. Qe2 {[%emt 0:00:11]} a5 {[%emt 0:00:09]} 1-0

[Event "11th LCC Super Blitz 2019"]
[Site "London"]
[Date "2019.12.08"]
[Round "11.8"]
[White "Mohnblatt, Nicolas"]
[Black "Yeo, Klaus Lucas"]
[Result "1-0"]
[WhiteElo "1689"]
[BlackElo "1176"]
[Annotator "NA"]
[PlyCount "95"]
[EventDate "2019.12.08"]
[EventType "swiss"]
[EventCountry "ENG"]
[SourceTitle "playchess.com"]
[Source "ChessBase"]
[SourceQuality "1"]
[TimeControl "180+2"]

1. d4 {[%emt 0:00:00]} d5 {[%emt 0:00:00]} 2. Nc3 {[%emt 0:00:01]} c6 {[%emt 0:00:01]} 3. Bf4 {[%emt 0:00:01]} Bf5 {[%emt 0:00:01]} 4. e3 {[%emt 0:00:02]} e6 {[%emt 0:00:02]} 5. Nf3 {[%emt 0:00:01]} Bd6 {[%emt 0:00:01]} 6. Ne5 {[%emt 0:00:02]} f6 {[%emt 0:00:06]} 7. Nf3 {[%emt 0:00:05]} Bxf4 {[%emt 0:00:02]} 8. exf4 {[%emt 0:00:02]} Bg6 {[%emt 0:00:01]} 9. Nh4 {[%emt 0:00:09]} Bf7 {[%emt 0:00:02]} 10. Qe2 {[%emt 0:00:22]} Na6 {[%emt 0:00:08]} 11. f5 {[%emt 0:00:12]} Nc7 {[%emt 0:00:04]} 12. g3 {[%emt 0:00:12]} Qd7 {[%emt 0:00:03]} 13. Bh3 {[%emt 0:00:03]} Kf8 {[%emt 0:00:14]} 14. O-O-O {[%emt 0:00:12]} exf5 {[%emt 0:00:03]} 15. Bxf5 {[%emt 0:00:11]} Be6 {[%emt 0:00:01]} 16. Qf3 {[%emt 0:00:43]} Bxf5 {[%emt 0:00:19]} 17. Nxf5 {[%emt 0:00:02]} Ne7 {[%emt 0:00:02]} 18. Ne3 {[%emt 0:00:01]} Kf7 {[%emt 0:00:06]} 19. Ng4 {[%emt 0:00:03]} h5 {[%emt 0:00:06]} 20. Ne5+ {[%emt 0:00:01]} Ke6 {[%emt 0:00:05]} 21. Nxd7 {[%emt 0:00:02]} Kxd7 {[%emt 0:00:02]} 22. Rhe1 {[%emt 0:00:03]} Rae8 {[%emt 0:00:13]} 23. g4 {[%emt 0:00:06]} hxg4 {[%emt 0:00:06]} 24. Qxg4+ {[%emt 0:00:01]} Kd8 {[%emt 0:00:01]} 25. h3 {[%emt 0:00:09]} g6 {[%emt 0:00:07]} 26. Re2 {[%emt 0:00:07]} f5 {[%emt 0:00:01]} 27. Qg3 {[%emt 0:00:02]} Na8 {[%emt 0:00:23]} 28. Qd6+ {[%emt 0:00:04]} Kc8 {[%emt 0:00:03]} 29. Rxe7 {[%emt 0:00:02]} Rxe7 {[%emt 0:00:02]} 30. Qxe7 {[%emt 0:00:01]} Nc7 {[%emt 0:00:09]} 31. h4 {[%emt 0:00:07]} Re8 {[%emt 0:00:03]} 32. Qf6 {[%emt 0:00:03]} Re6 {[%emt 0:00:02]} 33. Qf8+ {[%emt 0:00:05]} Re8 {[%emt 0:00:02]} 34. Qh6 {[%emt 0:00:02]} Re6 {[%emt 0:00:03]} 35. Qg5 {[%emt 0:00:01]} Kd7 {[%emt 0:00:02]} 36. Kd2 {[%emt 0:00:01]} Nb5 {[%emt 0:00:03]} 37. Nxb5 {[%emt 0:00:03]} cxb5 {[%emt 0:00:04]} 38. Re1 {[%emt 0:00:02]} Rd6 {[%emt 0:00:00]} 39. Re7+ {[%emt 0:00:02]} Kc6 {[%emt 0:00:02]} 40. Rg7 {[%emt 0:00:06]} b6 {[%emt 0:00:12]} 41. Rxg6 {[%emt 0:00:02]} Rxg6 {[%emt 0:00:01]} 42. Qxg6+ {[%emt 0:00:01]} Kb7 {[%emt 0:00:00]} 43. Qxf5 {[%emt 0:00:02]} Ka6 {[%emt 0:00:01]} 44. h5 {[%emt 0:00:08]} Ka5 {[%emt 0:00:02]} 45. h6 {[%emt 0:00:02]} a6 {[%emt 0:00:02]} 46. Qxd5 {[%emt 0:00:25]} Ka4 {[%emt 0:00:02]} 47. Qb3+ {[%emt 0:00:03]} Ka5 {[%emt 0:00:04]} 48. Qa3# {[%emt 0:00:04]} 1-0

[Event "11th LCC Super Blitz 2019"]
[Site "London"]
[Date "2019.12.08"]
[Round "11.9"]
[White "Rahman, Asad"]
[Black "Davis, Holden"]
[Result "1-0"]
[WhiteElo "1923"]
[BlackElo "1769"]
[Annotator "NA"]
[PlyCount "43"]
[EventDate "2019.12.08"]
[EventType "swiss"]
[EventCountry "ENG"]
[SourceTitle "playchess.com"]
[Source "ChessBase"]
[SourceQuality "1"]
[TimeControl "180+2"]

1. e4 {[%emt 0:00:00]} e6 {[%emt 0:00:00]} 2. d4 {[%emt 0:00:01]} d5 {[%emt 0:00:00]} 3. Nd2 {[%emt 0:00:02]} Nf6 {[%emt 0:00:00]} 4. exd5 {[%emt 0:00:03]} exd5 {[%emt 0:00:02]} 5. Ngf3 {[%emt 0:00:01]} Bd6 {[%emt 0:00:03]} 6. Bd3 {[%emt 0:00:00]} Bg4 {[%emt 0:00:02]} 7. O-O {[%emt 0:00:02]} O-O {[%emt 0:00:02]} 8. c4 {[%emt 0:00:07]} dxc4 {[%emt 0:00:01]} 9. Nxc4 {[%emt 0:00:01]} Be7 {[%emt 0:00:09]} 10. Be2 {[%emt 0:00:03]} c6 {[%emt 0:00:06]} 11. Nce5 {[%emt 0:00:06]} Bxf3 {[%emt 0:00:05]} 12. Bxf3 {[%emt 0:00:08]} Nd5 {[%emt 0:00:06]} 13. Re1 {[%emt 0:00:19]} Bf6 {[%emt 0:00:04]} 14. Ng4 {[%emt 0:00:02]} Bg5 {[%emt 0:00:07]} 15. Bxd5 {[%emt 0:00:19]} Qxd5 {[%emt 0:00:04]} 16. Re5 {[%emt 0:00:03]} Qd6 {[%emt 0:00:11]} 17. Rxg5 {[%emt 0:00:06]} f5 {[%emt 0:00:06]} 18. Ne5 {[%emt 0:00:09]} f4 {[%emt 0:00:13]} 19. Qg4 {[%emt 0:00:11]} Qf6 {[%emt 0:00:02]} 20. Bxf4 {[%emt 0:00:10]} Qxf4 {[%emt 0:00:20]} 21. Rxg7+ {[%emt 0:00:01]} Kh8 {[%emt 0:00:01]} 22. Rg8+ {[%emt 0:00:01]} 1-0

[Event "11th LCC Super Blitz 2019"]
[Site "London"]
[Date "2019.12.08"]
[Round "11.9"]
[White "Ismail, Mohammed Aayan"]
[Black "Patel, Rishi"]
[Result "1-0"]
[WhiteElo "1641"]
[BlackElo "1899"]
[Annotator "NA"]
[PlyCount "129"]
[EventDate "2019.12.08"]
[EventType "swiss"]
[EventCountry "ENG"]
[SourceTitle "playchess.com"]
[Source "ChessBase"]
[SourceQuality "1"]
[TimeControl "180+2"]

1. e4 {[%emt 0:03:41]} e5 2. Nf3 {[%emt 0:00:01]} Nc6 3. Bb5 a6 {[%emt 0:00:02]} 4. Bxc6 {[%emt 0:00:03]} bxc6 {[%emt 0:00:04]} 5. O-O {[%emt 0:00:25]} d6 6. d4 {[%emt 0:00:02]} exd4 {[%emt 0:00:06]} 7. Qxd4 {[%emt 0:00:08]} Nf6 {[%emt 0:00:41]} 8. e5 {[%emt 0:00:13]} Nd5 {[%emt 0:00:02]} 9. Re1 {[%emt 0:00:11]} Be7 {[%emt 0:00:05]} 10. exd6 {[%emt 0:00:08]} Qxd6 {[%emt 0:00:03]} 11. Qxg7 {[%emt 0:00:07]} Rf8 {[%emt 0:00:12]} 12. Bh6 {[%emt 0:00:09]} Be6 {[%emt 0:00:23]} 13. Qxh7 {[%emt 0:00:21]} Nf6 {[%emt 0:00:04]} 14. Qd3 {[%emt 0:00:13]} Qxd3 {[%emt 0:00:16]} 15. cxd3 {[%emt 0:00:01]} Rh8 {[%emt 0:00:02]} 16. Bg5 {[%emt 0:00:16]} O-O-O {[%emt 0:00:04]} 17. d4 {[%emt 0:00:05]} Rhg8 {[%emt 0:00:07]} 18. h4 {[%emt 0:00:04]} Nd5 {[%emt 0:00:15]} 19. Bxe7 {[%emt 0:00:11]} Nxe7 {[%emt 0:00:01]} 20. Nc3 {[%emt 0:00:09]} Ng6 {[%emt 0:00:02]} 21. g3 {[%emt 0:00:12]} Bg4 {[%emt 0:00:04]} 22. Ne5 {[%emt 0:00:04]} Nxe5 {[%emt 0:00:16]} 23. Rxe5 {[%emt 0:00:02]} Rxd4 {[%emt 0:00:16]} 24. Rae1 Rgd8 {[%emt 0:00:07]} 25. Re8 {[%emt 0:00:05]} Kb7 {[%emt 0:00:13]} 26. Rxd8 {[%emt 0:00:01]} Rxd8 {[%emt 0:00:02]} 27. b3 {[%emt 0:00:12]} Rd3 {[%emt 0:00:04]} 28. Ne4 {[%emt 0:00:02]} Kb6 {[%emt 0:00:07]} 29. Nf6 {[%emt 0:00:05]} Be6 {[%emt 0:00:02]} 30. h5 {[%emt 0:00:02]} Rd8 {[%emt 0:00:07]} 31. h6 {[%emt 0:00:03]} Rh8 {[%emt 0:00:02]} 32. h7 {[%emt 0:00:02]} Bf5 {[%emt 0:00:02]} 33. Re7 {[%emt 0:00:02]} Bxh7 {[%emt 0:00:05]} 34. Rxf7 {[%emt 0:00:02]} Bb1 {[%emt 0:00:01]} 35. a3 {[%emt 0:00:02]} Ba2 36. Rh7 {[%emt 0:00:06]} Rf8 {[%emt 0:00:02]} 37. Nd7+ {[%emt 0:00:02]} Kb5 {[%emt 0:00:02]} 38. Nxf8 Bxb3 {[%emt 0:00:01]} 39. g4 Ka4 {[%emt 0:00:02]} 40. g5 Kxa3 {[%emt 0:00:02]} 41. g6 {[%emt 0:00:01]} c5 {[%emt 0:00:02]} 42. Rh3 c4 {[%emt 0:00:03]} 43. Rxb3+ {[%emt 0:00:01]} cxb3 {[%emt 0:00:03]} 44. g7 b2 {[%emt 0:00:02]} 45. g8=Q {[%emt 0:00:03]} b1=Q+ {[%emt 0:00:02]} 46. Kh2 {[%emt 0:00:03]} c5 {[%emt 0:00:14]} 47. Qg3+ {[%emt 0:00:04]} Qb3 {[%emt 0:00:04]} 48. Qxb3+ {[%emt 0:00:05]} Kxb3 {[%emt 0:00:01]} 49. Nd7 {[%emt 0:00:02]} c4 {[%emt 0:00:05]} 50. Ne5 c3 51. f4 {[%emt 0:00:02]} c2 {[%emt 0:00:03]} 52. Nd3 Kc3 53. Nc1 {[%emt 0:00:01]} Kd4 54. Kg3 {[%emt 0:00:01]} Ke4 {[%emt 0:00:01]} 55. Kg4 Kd5 {[%emt 0:00:02]} 56. f5 Kd6 {[%emt 0:00:01]} 57. Kg5 {[%emt 0:00:01]} Ke7 58. Kg6 {[%emt 0:00:02]} Kf8 59. Kf6 {[%emt 0:00:01]} a5 {[%emt 0:00:02]} 60. Ke5 {[%emt 0:00:01]} Ke8 {[%emt 0:00:02]} 61. Ke6 {[%emt 0:00:03]} a4 62. f6 {[%emt 0:00:01]} Kf8 {[%emt 0:00:06]} 63. f7 {[%emt 0:00:02]} a3 {[%emt 0:00:01]} 64. Na2 c1=Q {[%emt 0:00:15]} 65. Nxc1 1-0